Нижние и верхние границы для критической температуры в трехмерной анизотропной модели Изинга; Журнал экспериментальной и теоретической физики; Т. 125, вып. 6

Detaylı Bibliyografya
Parent link:Журнал экспериментальной и теоретической физики=ЖЭТФ/ Российская академия наук (РАН) ; Отделение физических наук РАН.— , 1931-.— 0044-4510
Т. 125, вып. 6.— 2004.— с. 1340-1366
Yazar: Юрищев М. А.
Dil:Rusça
Baskı/Yayın Bilgisi: 2004
Seri Bilgileri:Твердые тела
Konular:
Materyal Türü: Kitap Bölümü
KOHA link:https://koha.lib.tpu.ru/cgi-bin/koha/opac-detail.pl?biblionumber=431735

MARC

LEADER 00000naa2a2200000 4500
001 431735
005 20231101075414.0
035 |a (RuTPU)RU\TPU\prd\91897 
035 |a RU\TPU\prd\30867 
090 |a 431735 
100 |a 20101202a2004 k y0rusy50 ca 
101 0 |a rus 
102 |a RU 
200 1 |a Нижние и верхние границы для критической температуры в трехмерной анизотропной модели Изинга  |f М. А. Юрищев 
225 1 |a Твердые тела  |e Структрура 
320 |a Библиогр.: 44 назв. 
461 1 |0 (RuTPU)RU\TPU\prd\1443  |x 0044-4510  |t Журнал экспериментальной и теоретической физики  |l ЖЭТФ  |f Российская академия наук (РАН) ; Отделение физических наук РАН  |d 1931- 
463 1 |0 (RuTPU)RU\TPU\prd\91885  |t Т. 125, вып. 6  |v с. 1340-1366  |d 2004 
610 1 |a модель Изинга 
610 1 |a простая кубическая решетка 
610 1 |a трехмерная анизотропия 
610 1 |a критическая температура 
610 1 |a фазовые переходы 
700 1 |a Юрищев  |b М. А. 
801 1 |a RU  |b 63413507  |c 20041208  |g PSBO 
801 2 |a RU  |b 63413507  |c 20101202  |g RCR 
942 |c BK